Guess the mystery Noah Kahan song - Statistics

General Stats
  • This quiz has been taken 117 times
  • The average score is 118 of 233
Answer Stats
. Answer % Correct
. a
96%
. i
96%
. the
88%
. you
88%
. and
82%
. in
71%
. i'm
69%
. is
66%
. so
66%
. that
66%
. if
63%
. my
61%
. for
58%
. of
58%
. been
54%
. you're
54%
. are
53%
. could
53%
. have
52%
. they
52%
. what
52%
. home
51%
. then
51%
. but
48%
. this
48%
. don't
47%
. from
47%
. how
47%
. up
47%
. will
47%
. got
46%
. here
46%
. know
46%
. it's
45%
. won
45%
. homesick
43%
. make
43%
. some
43%
. back
42%
. month
42%
. place
42%
. since
42%
. years
42%
. because
41%
. grew
41%
. die
40%
. life
40%
. move
40%
. ago
39%
. can't
39%
. every
39%
. New
39%
. two
39%
. yet?
39%
. bored
37%
. distance
37%
. find
37%
. gold
37%
. guy
37%
. lot
37%
. Olympic
37%
. only
37%
. eight
36%
. makes
36%
. months
36%
. runner
36%
. with
36%
. great
35%
. house
35%
. leave
35%
. mean
35%
. motivation
35%
. such
35%
. that's
35%
. weather
35%
. photograph
34%
. reason
34%
. would
34%
. anyone
33%
. away
33%
. bad
33%
. England
33%
. fuck
33%
. sense
33%
. them
33%
. time
33%
. tired
33%
. ain't
31%
. believe
31%
. could've
31%
. friend's
31%
. grandfathers
31%
. into
31%
. roads
31%
. taken
31%
. after
30%
. bullshit
30%
. feel
30%
. named
30%
. rest
30%
. spend
30%
. still
30%
. summer
30%
. well
30%
. dreams
29%
. hibernation
28%
. high
28%
. myself
28%
. school
28%
. dirt
27%
. masochistic
27%
. slow
27%
. sailin'
25%
. smooth
25%
. Boston
24%
. damn
24%
motherfuckers
24%
. moves
24%
. organs
24%
Bombers
23%
. caught
23%
. failin'
23%
. 'bout
22%
. caring
22%
. stopped
22%
. swear
22%
. tryna
16%
No matching quizzes found
Score Distribution
Percent of People with Each Score
Percentile by Number Answered
Your Score History
You have not taken this quiz